000 00361nam a2200133Ia 4500
005 20260328101524.0
008 260328s9999||||xx |||||||||||||| ||und||
100 _aMacey, Stuart
245 0 _aH Point :
_b The fundamentals of cars Design & packaging /
_cStuart Macey
260 _bDesign Studio
300 _a223 p.
650 _aDISEÑO INDUSTRIAL
942 _cBK
999 _c9704
_d9704